000 00195nam a22000977a 4500
003 SGT
245 _aINDIAN JOURNAL OF NETWORKING AND COMPUTER
260 _c2014
300 _a141
942 _2ddc
_cBV
999 _c32604
_d32604